02038nam a2200361 a 4500001001200000003000800012006001900020007001500039008004100054010001700095020003900112020003600151020003800187020003500225020002700260040002100287035002100308050002400329082001400353100002800367245019000395260004500585300002900630504005100659505057700710533015201287650001901439650001901458650002701477655002901504710001701533856012601550ebr10557614CaPaEBRm u cr cn|||||||||110624s2012 dcuab sb 001 0 eng d z 2011026554 z9781597269711 (cloth : alk. paper) z1597269719 (cloth : alk. paper) z9781597269728 (pbk. : alk. paper) z1597269727 (pbk. : alk. paper) z9781610911740 (e-book) aCaPaEBRcCaPaEBR a(OCoLC)77754849814aHE4211b.W27 2012eb04a388.42231 aWalker, Jarrett,d1962-10aHuman transith[electronic resource] :bhow clearer thinking about public transit can enrich our communities and our lives /cJarrett Walker ; illustrations by Eric Orozco ... [et al.]. aWashington, D.C. :bIsland Press,c2012. ax, 244 p. :bill., maps. aIncludes bibliographical references and index.0 aWhat transit is and does -- What makes transit useful? Seven demands and how transit serves them -- Five paths to confusion -- Lines, loops, and longing -- Touching the city: stops and stations -- Peak or all day? -- Frequency is freedom -- The obstacle course: speed, delay, and reliability -- Density distractions -- Ridership or coverage? The challenge of service allocation -- Can fares be fair? -- Connections or complexity? -- From connections to networks to places -- Be on the way! Transit implications of location choice -- On the boulevard -- Take the long view. aElectronic reproduction.bPalo Alto, Calif. :cebrary,d2011.nAvailable via World Wide Web.nAccess may be limited to ebrary affiliated libraries. 0aLocal transit. 0aCity planning. 0aCommunity development. 7aElectronic books.2local2 aebrary, Inc.40uhttp://site.ebrary.com/lib/rucke/Doc?id=10557614zAn electronic book accessible through the World Wide Web; click to view